000 00559nam a2200181Ia 4500
003 GCL
008 140319s9999 xx 000 0 ara d
040 _aGCL /
_cGCL
082 0 4 _a377.1
_bح ت
100 1 _aحسن شحاته
245 1 0 _aالتربية الاسلامية اسسها ومناهجها فى الوطن العربى /
_cحسن شحاته
260 _a[S.N] :
_bمركز الكتاب للنشر ،
_c1991
300 _a106 ص
490 _a
650 0 4 _aطرق التدريس
650 0 4 _aالتعليم الدينى
942 _2ddc
_cBK
999 _c46988
_d46988